CMSA core curriculum for case management / (Record no. 60340)

MARC details
000 -LEADER
fixed length control field 01970cam a2200433 i 4500
001 - CONTROL NUMBER
control field 19011176
005 - DATE AND TIME OF LATEST TRANSACTION
control field 20260413094537.0
008 - FIXED-LENGTH DATA ELEMENTS--GENERAL INFORMATION
fixed length control field 160307t20172017paua b 001 0 eng
010 ## - LIBRARY OF CONGRESS CONTROL NUMBER
LC control number 2016011171
020 ## - INTERNATIONAL STANDARD BOOK NUMBER
International Standard Book Number 9781451194302
020 ## - INTERNATIONAL STANDARD BOOK NUMBER
International Standard Book Number 1451194307
035 ## - SYSTEM CONTROL NUMBER
System control number 19011176
035 ## - SYSTEM CONTROL NUMBER
System control number (DNLM)101678377
042 ## - AUTHENTICATION CODE
Authentication code pcc
050 00 - LIBRARY OF CONGRESS CALL NUMBER
Classification number RT90.7
Item number .T34 2017
060 10 - NATIONAL LIBRARY OF MEDICINE CALL NUMBER
Classification number WY 18.2
082 00 - DEWEY DECIMAL CLASSIFICATION NUMBER
Classification number 362.1/73068
Edition number 23
245 00 - TITLE STATEMENT
Title CMSA core curriculum for case management /
Statement of responsibility, etc [edited by] Hussein M. Tahan, PhD, RN, System Vice President, Nursing Professional Development and Workforce Planning, Medstar Health System Nursing, Columbia, Maryland, Teresa M. Treiger, RN-BC, MA, CHCQM-CM/TOC, CCM, CMSA Past National President (2010-2011), Principal, Ascent Case Management, LLC, Quincy, Massachusetts.
246 30 - VARYING FORM OF TITLE
Title proper/short title Core curriculum for case management
246 30 - VARYING FORM OF TITLE
Title proper/short title Case Management Society of America core curriculum for case management
246 3# - VARYING FORM OF TITLE
Title proper/short title Case management
250 ## - EDITION STATEMENT
Edition statement Third edition.
300 ## - PHYSICAL DESCRIPTION
Extent xxv, 738 pages ;
Dimensions 23 cm
504 ## - BIBLIOGRAPHY, ETC. NOTE
Bibliography, etc Includes bibliographical references and index.
650 #0 - SUBJECT ADDED ENTRY--TOPICAL TERM
Topical term or geographic name as entry element Nursing care plans
Form subdivision Outlines, syllabi, etc.
650 #0 - SUBJECT ADDED ENTRY--TOPICAL TERM
Topical term or geographic name as entry element Primary nursing
General subdivision Administration
Form subdivision Outlines, syllabi, etc.
650 #0 - SUBJECT ADDED ENTRY--TOPICAL TERM
Topical term or geographic name as entry element Hospitals
General subdivision Case management services
Form subdivision Outlines, syllabi, etc.
650 12 - SUBJECT ADDED ENTRY--TOPICAL TERM
Topical term or geographic name as entry element Case Management
650 12 - SUBJECT ADDED ENTRY--TOPICAL TERM
Topical term or geographic name as entry element Nursing Care
General subdivision organization & administration
655 #2 - INDEX TERM--GENRE/FORM
Genre/form data or focus term Outlines
700 1# - ADDED ENTRY--PERSONAL NAME
Personal name Tahan, Hussein M.,
Relator term editor.
700 1# - ADDED ENTRY--PERSONAL NAME
Personal name Treiger, Teresa M.,
Relator term editor.
710 2# - ADDED ENTRY--CORPORATE NAME
Corporate name or jurisdiction name as entry element Case Management Society of America,
Relator term issuing body.
856 42 - ELECTRONIC LOCATION AND ACCESS
Materials specified Contributor biographical information
Uniform Resource Identifier <a href="https://www.loc.gov/catdir/enhancements/fy1702/2016011171-b.html">https://www.loc.gov/catdir/enhancements/fy1702/2016011171-b.html</a>
856 42 - ELECTRONIC LOCATION AND ACCESS
Materials specified Publisher description
Uniform Resource Identifier <a href="https://www.loc.gov/catdir/enhancements/fy1702/2016011171-d.html">https://www.loc.gov/catdir/enhancements/fy1702/2016011171-d.html</a>
906 ## - LOCAL DATA ELEMENT F, LDF (RLIN)
a 7
b cbc
c orignew
d 1
e ecip
f 20
g y-gencatlg
942 ## - ADDED ENTRY ELEMENTS (KOHA)
Source of classification or shelving scheme Library of Congress Classification
Item type Book
Holdings
Withdrawn status Lost status Source of classification or shelving scheme Damaged status Not for loan Collection code Home library Current library Shelving location Date acquired Source of acquisition Cost, normal purchase price Total Checkouts Full call number Barcode Date last seen Copy number Price effective from Koha item type
    Library of Congress Classification   Not For Loan Non-fiction Bishop Okullu Memorial Library (Limuru Campus) Bishop Okullu Memorial Library (Limuru Campus) Processing Center 13/04/2026 Donation- Pittsburgh 22060.00   RT90.7 .T34 2017 073300 13/04/2026 1 13/04/2026 Book